01261nam a2200241Ia 4500001000600000003000900006008004100015040001300056040001300069041001200082100002500094100002900119245007800148245007800226250001100304260001100315260002600326260004900352300005700401500049600458650003400954650003100988B0048IT-RoPAU130308s9999 xx 000 0 und d aIT-RoPAU cIT-RoPAU aINGLESE aDaughters Of St.Paul gCodice Aut. SPICS: 7531 aDaughters of St. Paul 50 Years of Service in the U.S.A. (1932-1982) (The) bDaughters Of St. Paul 50 Years Of Service in The U.S.A. (1932-1982) (The) a1a ed. aBOSTON bDaughters Of St. Paul c1982 [1° Ed.:1982 - Ed.Ling.Originale:1982] a"354 p. (prefazione: no ; testo: 354 [pagine: 0-0])" aPubblicazione Commemorativa dei 50 Anni delle Figlie di San Paolo in Usa A932/1982. varie lettere di Augurio da parte di Autorità religiose della Chiesa e della Famiglia Paolina. Storia Illustrata della Congregazione delle Figlie di San Paolo. Spiritualità Cristocentrica. Formazione delle Figlie di San Paolo. Studi Paolini. missione delle Figlie di San Paolo. Pellegrinaggio Paolino. Messaggi di Congratulazione della Gerarchia Americana e Dellesuperiore delle Congregazioni Religiose. aAUTORI/OPERE FAMIGLIA PAOLINA eCodice materia Spics: 9903